000 00910nam a2200253Ia 4500
003 OSt
005 20220916110911.0
006 a|||||r|||| 00| 0
007 ta
008 220915b |||||||| |||| 00| 0 hin d
024 _a268568
037 _cTextbook
040 _bhin
_aARTS
_cARTS
041 _ahin
082 _aO152,1:g, K7
100 _aराय, विक्रमादित्य
245 0 _aकाव्य-समीक्षा: तुलनात्मक विश्लेषण
246 _aKāvya-samīkṣhā: tulanātmak vishleṣhaṇa
260 _aवाराणसी
_bभारतीय विधा प्रकाशन भारत
_c1967
300 _a274पण्
_ccm.
650 _aहिन्दी साहित्य
942 _hO152,1:g, K7
_cTB
_2CC
999 _c100821
_d100821